Представление документа в формате MARC21

Поле Инд. ПП Название Значение
Тип записи a
Библиографический уровень b
001 Контрольный номер 0b52d196857a4915a1a4fde6e8289db5
005 Дата корректировки 20210828105936.3
040 a Служба первич. каталог. РИНЦ
041 0_ a Код языка текста rus
084 a Индекс другой классификации/Индекс ББК 74.48; 74.026
097 a Чагина С.Г.
097 a Назина Л.Н.
100 1_ a Автор Дзюба С. Ф.
g Прочие сведения РИНЦ AuthorID: 529812 (http://elibrary.ru/author_items.asp?authorid=529812)
g Прочие сведения SPIN-код: 8441-0866
j Принадлежность неизвестного автора к последователям, ученикам, сторонникам, школе и т. д. государственный университет "Дубна"
q Полное имя Дзюба Сергей Федорович
c Титул (звания) доцент; кандидат экономических наук
i 000089155
k Кафедра государственного и муниципального управления; Факультет экономики и управления
u Дополнение Дзюба С. Ф.
100 1_ a Автор Нескоромный В. Н.
100 1_ a Автор Назаренко М. А.
i 000091356
k Кафедра управления проектами; Факультет экономики и управления
q Полное имя Назаренко Максим Анатольевич
u Дополнение Назаренко М. А.
245 10 a Заглавие Сравнительный анализ мотивационного потенциала студентов вузов
650 04 a Основная рубрика педагогика; образование; методы обучения; профессиональное образование; высшее образование
773 18 t Название источника Проблемы экономики и юридической практики
b Сведения об издании Издательский дом "Юр-ВАК"
c Москва
d Место и дата издания 2013
m Специф. данные журнал из перечня ВАК
m Специф. данные ненулевой импакт-фактор
g Прочая информация № 1. - С. 233 - 236
n Примечание https://elibrary.ru/contents.asp?issueid=1109741
w Контрольный № источника 9dfc31cf05ae496d838a95460b089763
856 40 u URL http://elibrary.ru/item.asp?id=18845233
901 t Тип документа b
952 c Вид литературы статья в журнале